000
00311nam a22000977a 4500
005
20250901165549.0
008
211008b |||||||| |||| 00| 0 eng d
050
_a
HF5657.4 .E54 1993
245
_a
Study guide for use with : managerial accounting
_c
ENGLER, CALVIN
942
_2
lcc
_h
HF5657.4 .E54 1993
999
_c
5918
_d
5918